[Event "Stafford Wood Green Blitz op"]
[Site "Stafford"]
[Date "2023.07.16"]
[Round "2.6"]
[White "Richardson, Alex"]
[Black "Sullivan, Luke"]
[Result "1-0"]
[WhiteElo "2154"]
[BlackElo "1466"]
[PlyCount "58"]
[EventDate "2023.07.16"]
[EventType "swiss"]
[EventRounds "9"]
[EventCountry "ENG"]
[SourceTitle "CBM 215 Extra"]
[Source "ChessBase"]
[SourceDate "2023.09.30"]
[SourceVersion "1"]
[SourceVersionDate "2023.09.30"]
[SourceQuality "1"]

1. c4 Nf6 2. Nc3 d6 3. g3 Bf5 4. Bg2 Qc8 5. e4 Bg6 6. d4 e5 7. Nge2 Nbd7 8. h3 Be7 9. Be3 c6 10. Qd2 a6 11. Rc1 c5 12. d5 Nb6 13. b3 Qc7 14. g4 h6 15. Ng3 h5 16. g5 Nfd7 17. h4 Rc8 18. a4 Na8 19. f4 f6 20. Rd1 Qa5 21. gxf6 Bxf6 22. f5 Bf7 23. Bf3 Qd8 24. Bg5 g6 25. Kf2 Nf8 26. Rdg1 Nh7 27. fxg6 Bxg6 28. Nxh5 Nxg5 29. hxg5 Bxh5 1-0

[Event "Stafford Wood Green Blitz op"]
[Site "Stafford"]
[Date "2023.07.16"]
[Round "8.5"]
[White "Sullivan, Luke"]
[Black "Gordon, Frederick"]
[Result "0-1"]
[WhiteElo "1466"]
[BlackElo "2321"]
[PlyCount "72"]
[EventDate "2023.07.16"]
[EventType "swiss"]
[EventRounds "9"]
[EventCountry "ENG"]
[SourceTitle "CBM 215 Extra"]
[Source "ChessBase"]
[SourceDate "2023.09.30"]
[SourceVersion "1"]
[SourceVersionDate "2023.09.30"]
[SourceQuality "1"]

1. Nf3 c5 2. g3 Nc6 3. Bg2 g6 4. Nc3 Bg7 5. b3 d5 6. e3 Nf6 7. Bb2 0-0 8. d3 e5 9. Rb1 a6 10. 0-0 Re8 11. Re1 b5 12. Ne2 Ra7 13. Nd2 Rc7 14. f4 Ng4 15. Nf1 f5 16. h3 Nf6 17. fxe5 Nxe5 18. d4 Nf7 19. dxc5 Rxc5 20. Nd4 Ne4 21. Bxe4 dxe4 22. Ba3 Rc7 23. c3 Rxc3 24. Bb2 Rc7 25. Qe2 Bb7 26. Rbc1 Ne5 27. Rxc7 Qxc7 28. Rc1 Qd6 29. Kg2 Nd3 30. Rd1 Rc8 31. Nc2 Bxb2 32. Ne1 Bc3 33. Nxd3 exd3+ 34. Qf3 Bxf3+ 35. Kxf3 Qd5+ 36. Kf2 d2 0-1

[Event "Stafford Wood Green Blitz op"]
[Site "Stafford"]
[Date "2023.07.16"]
[Round "5.6"]
[White "Sullivan, Luke"]
[Black "Willow, Jonah B"]
[Result "0-1"]
[WhiteElo "1466"]
[BlackElo "2295"]
[PlyCount "42"]
[EventDate "2023.07.16"]
[EventType "swiss"]
[EventRounds "9"]
[EventCountry "ENG"]
[SourceTitle "CBM 215 Extra"]
[Source "ChessBase"]
[SourceDate "2023.09.30"]
[SourceVersion "1"]
[SourceVersionDate "2023.09.30"]
[SourceQuality "1"]

1. Nf3 d5 2. d4 e6 3. Bf4 Bd6 4. Bg3 Nf6 5. e3 0-0 6. Bd3 c5 7. c3 Qc7 8. Bxd6 Qxd6 9. Nbd2 Nc6 10. 0-0 e5 11. dxe5 Nxe5 12. Nxe5 Qxe5 13. Nf3 Qe7 14. Re1 Bg4 15. h3 Bh5 16. Be2 Rfd8 17. Qc2 Rac8 18. Qa4 a6 19. Rac1 Ne4 20. Nh2 Qf6 21. Rf1 Bxe2 0-1